Defensas del cuerpo humano contra las enfermedades /

Guardado en:
Autor Corporativo: Videopedia Britannica.
Formato: Deslizar
Materias:
Etiquetas: Agregar Etiqueta
Sin Etiquetas, Sea el primero en etiquetar este registro!
LEADER 01091ngm a22003135g 4500
001 CEM.cems021569
008 130507b199?##################0###0#####d
005 20240828164101.0
245 1 0 |a Defensas del cuerpo humano contra las enfermedades /  |c Videopedia Britannica 
300 |a 14 
500 |a En soporte VHS, consultar en ventanilla. 
505 0 |a Inmunidad. Gérmenes. Bacterias. Parásitos. Virus. Protección por medio de nuestro sistema de defensa: los cilios, la piel, los fagocitos, los anticuerpos y los linfocitos. Acción a los antibióticos. 
538 |a Soporte: VHS - Norma: Pal N - Color - Compra CEMS - Hitachi=0760 
110 2 |a Videopedia Britannica. 
082 6 1 |/ VID 
653 |a INMUNIDAD 
653 |a HIGIENE 
653 |a ANATOMIA 
653 |a BIOLOGIA 
653 |a VIRUS 
653 |a ENFERMEDADES 
653 |a SANGRE 
653 |a GERMENES 
653 |a BACTERIAS 
653 |a PARASITOS 
653 |a DEFENSAS 
653 |a ANTIBIOTICOS 
653 |a NIVEL SECUNDARIO 
859 |a CEMS  |b BIB. CEMS - Depto. Recursos Didacticos  |h 612  |i VID  |k DRD  |p 212.12  |t Ej.1